| 000 | 00601nam a22001937a 4500 | ||
|---|---|---|---|
| 003 | OSt | ||
| 005 | 20250624012603.0 | ||
| 008 | 250624b |||||||| |||| 00| 0 eng d | ||
| 020 | _a 9781305252837 | ||
| 040 |
_aDWCL - Main lib _cOC |
||
| 082 | _aCirc. 624.171 K19s 2015 | ||
| 100 | _aKassimali, Aslam | ||
| 245 |
_aStructural analysis/ _cAslam Kassimali |
||
| 260 |
_aUS : _bCanage learning , _cc2015. |
||
| 300 |
_axvi, 813 pages : _bcolor illustrations ; _c27cm. |
||
| 504 | _aIncludes bibliography and index. | ||
| 650 | _a1. Structural analysis (Engineering) | ||
| 942 |
_2ddc _cBK-CIRC _kCirc. _n0 |
||
| 999 |
_c3249 _d3249 |
||